| 000 | 00625nam a22001931a 4500 | ||
|---|---|---|---|
| 001 | 10613 | ||
| 003 | OSt | ||
| 005 | 20260204212205.0 | ||
| 008 | 100116s2008||||sp ||||||b||||||||||spa|| | ||
| 020 | _a9788483224113 | ||
| 050 | _a005.74 P415m | ||
| 100 | _aPérez, César | ||
| 245 | _aManual de aprendizaje microsoft access 2007: Descubre sus nuevas posibilidades / César Pérez y Felicidad Marqués | ||
| 264 | _aEspaña : Pearson Educación | ||
| 300 | _a544 p | ||
| 650 | _aBase de datos 2.Administración de Base de Datos 3.Informática y Programación Visual | ||
| 700 | _aMarqués, FelicidadÌ | ||
| 942 |
_2ddc _cBK |
||
| 999 |
_c10613 _d10613 |
||